| 000 | 01384nam a2200337 a 4500 | ||
|---|---|---|---|
| 001 | ebr10006827 | ||
| 003 | CaPaEBR | ||
| 006 | m u | ||
| 007 | cr cn||||||||| | ||
| 008 | 010307s2002 enk sb 001 0 eng | ||
| 010 | _z 2001025636 | ||
| 020 | _z0521791774 (hardback) | ||
| 020 | _z052179627X (pbk.) | ||
| 040 |
_aCaPaEBR _cCaPaEBR |
||
| 035 | _a(OCoLC)52122832 | ||
| 050 | 1 | 4 |
_aJZ1253.2 _b.S95 2002eb |
| 082 | 0 | 4 |
_a327.1/01 _221 |
| 100 | 1 |
_aSylvester, Christine, _d1949- |
|
| 245 | 1 | 0 |
_aFeminist international relations _h[electronic resource] : _ban unfinished journey / _cChristine Sylvester. |
| 260 |
_aCambridge, U.K. ; _aNew York : _bCambridge University Press, _c2002. |
||
| 300 | _axii, 350 p. | ||
| 490 | 1 |
_aCambridge studies in international relations ; _v77 |
|
| 504 | _aIncludes bibliographical references (p. 317-345) and index. | ||
| 533 |
_aElectronic reproduction. _bPalo Alto, Calif. : _cebrary, _d2013. _nAvailable via World Wide Web. _nAccess may be limited to ebrary affiliated libraries. |
||
| 650 | 0 |
_aInternational relations _xPhilosophy. |
|
| 650 | 0 | _aFeminist theory. | |
| 655 | 7 |
_aElectronic books. _2local |
|
| 710 | 2 | _aebrary, Inc. | |
| 830 | 0 |
_aCambridge studies in international relations ; _v77. |
|
| 856 | 4 | 0 |
_uhttp://site.ebrary.com/lib/rucke/Doc?id=10006827 _zAn electronic book accessible through the World Wide Web; click to view |
| 999 |
_c355 _d355 |
||